[Event "XXVII Actius Vallfogona Open"]
[Site "Vallfogona de Balaguer"]
[Date "2019.09.22"]
[Round "9.4"]
[White "Oliva Castaneda, Kevel"]
[Black "Hernandez, Cristian Andres"]
[Result "0-1"]
[WhiteElo "2470"]
[BlackElo "2394"]
[Annotator "TA"]
[PlyCount "91"]
[EventDate "2019.09.22"]
[EventCountry "ESP"]
[SourceTitle "playchess.com"]
[Source "ChessBase"]
[SourceQuality "1"]

{[%evp 15,91,0,5,0,33,28,33,24,25,14,25,15,51,51,119,114,121,118,128,117,118,108,112,101,102,102,115,103,135,103,147,133,154,123,125,112,155,110,207,202,193,191,231,254,252,243,281,220,222,0,0,-143,-179,-29956,-29960,-29960,-29961,-29961,-29962,-12812,-12811,-12812,-12810,-6536,-5909,-29978,-29979,-29978,-29979,-29990,-29991,-29991,-29992,-29995,-32,-29996,-29997,-29999]} 1. g3 g6 2. Bg2 Bg7 3. d3 e5 4. c4 Ne7 5. Nc3 d6 6. Nf3 c5 7. O-O Nbc6 8. a3 a5 9. Rb1 {A37: Symmetrical English vs ...g6: 4 Bg2 Bg7 5 Nf3} (9. Bd2 O-O 10. Rb1 Be6 11. Ng5 Bc8 12. Nb5 f5 13. Nf3 h6 14. b4 axb4 15. axb4 b6 16. Ne1 Be6 17. Nc2 Rb8 18. Nc3 {1-0 (51) Giri,A (2762)-Lupulescu,C (2620) Heraklio 2017}) 9... h6 10. Ne1 Be6 11. Nd5 {White is slightly better.} O-O 12. Nc2 Rb8 13. b4 axb4 14. axb4 Bxd5 (14... b6 $14) 15. cxd5 $16 Nxb4 16. Nxb4 cxb4 17. Rxb4 b5 $146 18. Bd2 Qd7 19. Qb3 Rb7 20. Ra1 Rfb8 21. e4 Nc8 22. Be3 f5 23. Bh3 Kh8 24. f3 Qf7 25. Bf2 h5 26. Ra5 {[%cal Ra5b5]} Rc7 (26... Qd7 $16 27. exf5 Ne7) 27. Rbxb5 $18 Rxb5 28. Rxb5 Bh6 29. Rb8 Kh7 30. Kg2 Bg5 31. Qa4 Rc3 32. Qa6 $2 (32. Qa1 $18 Rc7 33. Qa8) 32... fxe4 $11 33. Rxc8 (33. f4 $1 $11 exf4 34. Rxc8 Rxc8 35. Qxc8 (35. Bxc8 e3 $11) 35... fxg3 36. hxg3 Qf3+ {[%mdl 64] Double Attack} 37. Kg1) 33... Rxc8 $17 34. Qxc8 $2 (34. dxe4 $19 Rc3 35. Qe2) 34... Qxf3+ {[%mdl 64] Double Attack} 35. Kg1 {[#]} e3 $1 36. Qc2 exf2+ 37. Kf1 Qh1+ {[%mdl 64] Double Attack} 38. Kxf2 Qxh2+ 39. Bg2 h4 40. gxh4 Bxh4+ 41. Kf1 Qf4+ 42. Kg1 Qe3+ 43. Kh1 Qe1+ 44. Kh2 {[#]} Bg3+ $1 45. Kh3 Bf4 {[%csl Gf4][%cal Re1g3]} 46. Bf1 {Accuracy: White = 48%, Black = 51%.} 0-1

[Event "XXVII Actius Vallfogona Open"]
[Site "Vallfogona de Balaguer"]
[Date "2019.09.22"]
[Round "9.5"]
[White "Adel Lahchaichi, Oussama"]
[Black "Martin Duque, Jesus"]
[Result "1/2-1/2"]
[WhiteElo "2282"]
[BlackElo "2373"]
[Annotator "TA"]
[PlyCount "104"]
[EventDate "2019.09.22"]
[EventCountry "ESP"]
[SourceTitle "playchess.com"]
[Source "ChessBase"]
[SourceQuality "1"]

{[%evp 12,104,7,0,-7,-2,43,42,46,37,51,-45,33,24,44,-83,-83,-64,-62,-83,-83,-86,-76,-83,-89,-78,-74,-120,-72,-78,-79,-93,-98,-93,-91,-102,-85,-99,-29,-23,-25,-35,-33,-32,-32,-30,-14,-14,-5,-32,-32,-34,-17,-16,-15,-18,-16,-20,-20,-20,-20,-17,-20,-10,-16,-39,-16,-19,-9,-34,-33,-35,-36,-42,-32,-75,0,-37,0,0,0,-8,0,-30,-34,-30,-32,-38,0,0,-6,-20,0,-47,-29]} 1. c4 e5 2. g3 c6 3. Nf3 e4 4. Nd4 Nf6 5. Bg2 d5 6. cxd5 Qxd5 7. Nb3 Bf5 {A20: English Opening: 1...e5} (7... Qe5 8. Nc3 Be7 9. d4 exd3 10. Qxd3 O-O 11. O-O Rd8 12. Qe3 Qxe3 13. Bxe3 Ng4 14. Bc5 Kf8 15. Rfd1 {0-1 (55) Popov,V (2532)-Anand,V (2773) St Petersburg 2018}) 8. O-O h5 $146 {[#]} ({Predecessor:} 8... Qd7 9. Nc3 Na6 10. d3 exd3 11. exd3 Be7 12. Re1 O-O 13. a3 Nc5 14. d4 Nxb3 15. Qxb3 {1-0 (52) Stanec,N (2560)-Baumgartner,H (2347) Ansfelden 2003}) 9. d3 $1 {[%mdl 512]} Qd7 {[%cal Re4d3] White is slightly better.} (9... exd3 10. Bxd5) 10. dxe4 Bxe4 11. f3 (11. h4 $14) 11... Bd5 ({Black should try} 11... Qxd1 $15 12. Rxd1 Bc2) 12. Nc3 $14 Bxb3 13. Qxd7+ (13. Qxb3 $14 {stays ahead.} h4 14. Rd1 Bc5+ 15. Kf1) 13... Nbxd7 $17 14. axb3 Bc5+ 15. Kh1 h4 16. gxh4 Rxh4 17. Ra4 Rh5 18. Ne4 Bb6 19. Bf4 Nd5 20. Nd6+ Kf8 {Hoping for ...Nc5.} 21. Bg3 Nc5 22. Rh4 Rxh4 23. Bxh4 Ne3 24. Rc1 Nxg2 (24... Nxb3 $17 25. Rc3 Na5) 25. Kxg2 $11 Nxb3 26. Rc3 Nd4 27. Nxb7 Nxe2 28. Rxc6 Nf4+ 29. Kf1 Ne6 30. Be1 Rb8 31. Nd6 Bc7 32. Bc3 Rd8 33. Nb5 Bb6 34. Rd6 Ke7 35. Rxd8 Kxd8 {[%mdl 4096] Endgame KBN-KBN} 36. Nd6 f6 37. h4 Kd7 38. Ne4 Nf4 39. Bd2 Nd3 40. Bc3 Ke6 41. Ke2 Nf4+ 42. Kf1 Nd5 43. Ke2 Kf5 (43... Nxc3+ $17 44. Nxc3 Bd4) 44. Bd2 Kg6 45. Kd3 Kh5 46. Nd6 g6 47. Ke4 Nc7 48. Be1 Ne6 {Strongly threatening ...f5+.} 49. Ne8 Bd8 50. Kd5 Nf4+ 51. Kc6 f5 52. Bg3 Nd3 {Accuracy: White = 53%, Black = 51%.} 1/2-1/2

[Event "XXVII Actius Vallfogona Open"]
[Site "Vallfogona de Balaguer"]
[Date "2019.09.22"]
[Round "9.6"]
[White "Velez Romero, Juan Luis"]
[Black "Cruz, Jonathan"]
[Result "0-1"]
[WhiteElo "2040"]
[BlackElo "2409"]
[Annotator "NA"]
[PlyCount "213"]
[EventDate "2019.09.22"]
[EventCountry "ESP"]
[SourceTitle "playchess.com"]
[Source "ChessBase"]
[SourceQuality "1"]
[TimeControl "900+5"]

1. d4 Nf6 2. Nf3 g6 3. Nc3 d5 4. Bf4 Bg7 5. Qd2 Ne4 6. Nxe4 dxe4 7. Ne5 f6 8. Nc4 Be6 9. e3 O-O 10. Be2 Kh8 11. O-O Bxc4 12. Bxc4 e5 13. Bg3 f5 14. Rad1 f4 15. exf4 exd4 16. Rfe1 Re8 17. Qb4 b6 18. Qb3 Nc6 19. Bb5 Na5 20. Qa4 c6 21. Bxc6 Nxc6 22. Qxc6 Rc8 23. Qa4 b5 24. Qb3 Qd7 25. h3 Qc6 26. Re2 a5 27. Rde1 Re6 28. Bh4 Rce8 29. Qg3 Qd5 30. b3 Qc6 31. Bg5 h6 32. Qh4 Kh7 33. Bd8 a4 34. Ba5 axb3 35. axb3 d3 36. cxd3 exd3 37. Rxe6 Rxe6 38. Rxe6 Qxe6 39. Qg4 Qxb3 40. f5 Qf7 41. fxg6+ Qxg6 42. Qb4 Qf5 43. Bb6 Qd5 44. Be3 Qc4 45. Qa5 Qd5 46. Qb4 Qc4 47. Qa5 b4 48. Qf5+ Kg8 49. Qg6 Qf7 50. Qxd3 b3 51. Qd8+ Kh7 52. Qd3+ Kg8 53. Qd8+ Bf8 54. Bd4 Kh7 55. Qb6 Bg7 56. Bxg7 Kxg7 57. Qd4+ Kg6 58. Qd3+ Kf6 59. Qd4+ Ke7 60. Qe5+ Kd7 61. Qb5+ Kd6 62. Qb6+ Ke5 63. Qc5+ Qd5 64. Qe3+ Kd6 65. Qxh6+ Kc5 66. Qe3+ Kb4 67. Qb6+ Ka3 68. Qa6+ Kb2 69. Qe2+ Kc1 70. Qe3+ Kc2 71. Qe2+ Qd2 72. Qc4+ Qc3 73. Qe4+ Kc1 74. Qf4+ Kb1 75. Qe4+ Qc2 76. Qe8 b2 77. Qf7 Kc1 78. Qf4+ Qd2 79. Qc4+ Kd1 80. Qb3+ Qc2 81. Qd5+ Kc1 82. Qg5+ Kb1 83. Qf6 Qd3 84. Qc6 Ka2 85. Qa8+ Kb3 86. Qb7+ Kc3 87. Qc6+ Kd2 88. Qh6+ Kc2 89. Qc6+ Kb3 90. Qb6+ Kc3 91. Qc6+ Qc4 92. Qf6+ Kb3 93. Qb6+ Ka3 94. Qa5+ Kb3 95. Qb6+ Qb4 96. Qe3+ Ka2 97. Qa7+ Qa3 98. Qf7+ Ka1 99. Qf6 Qa5 100. h4 Ka2 101. Qe6+ Ka3 102. Qe3+ Ka4 103. Qd4+ Qb4 104. Qa7+ Kb3 105. Qf7+ Qc4 106. Qf3+ Kc2 107. Qf5+ 0-1

[Event "XXVII Actius Vallfogona Open"]
[Site "Vallfogona de Balaguer"]
[Date "2019.09.22"]
[Round "9.7"]
[White "Pena Morales, Hugo"]
[Black "Movsziszian, Karen"]
[Result "1-0"]
[WhiteElo "2203"]
[BlackElo "2475"]
[Annotator "ChessBase"]
[PlyCount "43"]
[EventDate "2019.09.22"]
[EventCountry "ESP"]
[SourceTitle "playchess.com"]
[Source "ChessBase"]
[SourceQuality "1"]
[TimeControl "900+5"]

1. d4 d6 2. e4 g6 3. Nc3 Bg7 4. f4 Nc6 5. Be3 Nf6 6. Be2 O-O 7. Nf3 e6 8. Qd2 a6 9. a4 b6 10. Bf2 Bb7 11. Bh4 Qc8 12. e5 Nd7 13. O-O Re8 14. Ng5 Ne7 15. g4 c5 16. Nce4 Qc6 17. Bf3 d5 18. Nd6 f6 19. Nxe6 cxd4 20. Nxg7 Kxg7 21. Nxb7 fxe5 22. fxe5 1-0

[Event "XXVII Actius Vallfogona Open"]
[Site "Vallfogona de Balaguer"]
[Date "2019.09.22"]
[Round "9.8"]
[White "Cuartas, Jaime Alexander"]
[Black "Masague Artero, Guerau"]
[Result "1-0"]
[WhiteElo "2523"]
[BlackElo "2265"]
[Annotator "TA"]
[PlyCount "113"]
[EventDate "2019.09.22"]
[EventCountry "ESP"]
[SourceTitle "playchess.com"]
[Source "ChessBase"]
[SourceQuality "1"]

{[%evp 9,113,22,40,21,31,25,33,6,14,14,39,6,14,10,50,-14,-33,-11,-2,-22,-29,-20,-28,-18,-35,-45,-26,-35,0,0,18,0,20,0,0,0,0,0,0,0,3,0,4,0,10,0,10,0,0,-24,20,20,20,20,20,20,20,26,57,53,219,38,48,50,43,43,47,36,43,1,49,22,148,143,148,84,141,18,52,51,45,56,88,20,26,8,10,9,8,0,45,77,95,95,95,95,175,164,146,138,343,82,82,82,82,82]} 1. d4 Nf6 2. Nf3 d5 3. c4 c6 4. e3 a6 5. Bd3 Bg4 6. Nbd2 {D11: Slav Defence: 3 Nf3 sidelines and 3...Nf6 4 e3 Bg4} e6 7. Qb3 (7. h3 Bh5 8. Qc2 dxc4 9. Nxc4 Bxf3 10. gxf3 c5 11. dxc5 Bxc5 12. a3 Nc6 13. b4 Be7 {0-1 (36) Nakamura,H (2786)-Carlsen,M (2832) chess.com INT 2018}) 7... Ra7 8. c5 $146 {White is slightly better.} ({Predecessor:} 8. Ne5 Bh5 9. O-O Ng4 10. Nxg4 Bxg4 11. e4 Be7 12. Qc2 Bh5 13. Re1 Bg6 {1-0 (53) Paunovic,D (2524)-Vitor,A (2367) La Roda 2007}) 8... Nbd7 9. O-O Be7 10. Qc3 O-O 11. b4 Ne8 12. e4 (12. Qc2 $14) 12... dxe4 $11 13. Bxe4 Nef6 14. Bb2 Nxe4 15. Nxe4 Bxf3 16. Qxf3 Nf6 17. Nd2 Qd5 18. Qe2 Nd7 19. Nc4 Bf6 20. Rfd1 Raa8 21. a4 Bd8 22. Qc2 Bc7 23. Ra3 Rad8 24. Rh3 {[%csl Gh3][%cal Rc2h7]} Nf6 25. Re1 Rfe8 26. Rb3 Qf5 27. Qe2 h6 28. h3 Nd5 29. Qe4 Ra8 (29... Qxe4 {looks sharper.} 30. Rxe4 b5 31. cxb6 Nxb6 32. Nxb6 Bxb6 33. Bc3 Rd5) 30. Qxf5 exf5 {[%cal Re8e1]} 31. Rxe8+ Rxe8 {[%cal Re8e1]} 32. Kf1 f6 33. b5 axb5 34. axb5 {And now b6 would win.} Ra8 $2 (34... Kf7 $14) 35. Ne3 $2 ({Only move:} 35. b6 $1 $18 {[%cal Rb6c7]} Bb8 36. Ra3 Rxa3 37. Bxa3) 35... Ne7 36. bxc6 bxc6 37. Rb7 Bd8 38. g3 h5 39. f4 Kh7 40. Ke2 Kg6 (40... Kg8 $1 $11 {keeps the balance.}) 41. Kd3 $16 Rc8 {[#]} 42. Kc4 (42. h4 $142 $1) 42... Bc7 (42... h4 $142) 43. d5 (43. h4 $16) 43... cxd5+ 44. Nxd5 Nxd5 45. Kxd5 $11 {[%mdl 4096] Endgame Threatens to win with h4. KRB-KRB} h4 $1 {[%cal Rh4g3]} 46. Rb3 ({White should try} 46. gxh4 $16 Bxf4 47. c6) 46... Kf7 47. Bc1 hxg3 48. Rxg3 g5 49. Rg1 Rh8 50. fxg5 fxg5 51. Rxg5 {aiming for Bb2.} Rxh3 52. Rxf5+ Ke7 (52... Ke8 $16 {was necessary.}) 53. Bg5+ $18 Ke8 54. Kc6 Bh2 $2 {[#]} (54... Bb8 $16) 55. Bf4 $2 (55. Rf1 $1 $18 {[%cal Rf1e1] is the precise move to win.} Bb8 56. Bf4) 55... Bg1 $16 56. Bd6 {[%csl Gd6][%cal Rf5f8]} Rh8 57. Rf1 {Accuracy: White = 38%, Black = 37%.} 1-0

[Event "XXVII Actius Vallfogona Open"]
[Site "Vallfogona de Balaguer"]
[Date "2019.09.22"]
[Round "9.9"]
[White "Trepat Herranz, Joan"]
[Black "Martinez Lopez, Ivan"]
[Result "1/2-1/2"]
[WhiteElo "2395"]
[BlackElo "2194"]
[Annotator "TA"]
[PlyCount "51"]
[EventDate "2019.09.22"]
[EventCountry "ESP"]
[SourceTitle "playchess.com"]
[Source "ChessBase"]
[SourceQuality "1"]

{[%evp 12,51,0,-10,-5,-14,-5,-18,13,3,14,2,20,-9,31,24,43,12,10,-16,10,10,10,-44,8,0,0,-106,-110,-154,-162,-577,-520,-503,-510,-744,-745,-1103,-1154,-1911,-1882,-29994]} 1. d4 d5 2. Nf3 e6 3. Bf4 Nf6 4. e3 Bd6 5. Bg3 O-O 6. Nbd2 b6 7. Bd3 Bb7 {D02: 1 d4 d5 2 Nf3 sidelines, including 2...Nf6 3 g3 and 2...Nf6 3 Bf4} (7... Ba6 8. c4 c5 9. dxc5 bxc5 10. a3 h6 11. O-O Bxg3 12. hxg3 Nbd7 13. Qc2 Qe7 14. Rfe1 e5 15. e4 {½-½ (68) Korobov,A (2699)-L'Ami,E (2643) Wijk aan Zee 2019}) 8. Qe2 Ne4 9. Bxd6 cxd6 {The position is equal.} 10. O-O f5 11. a4 $146 {[%cal Ba2a4,Ba4a5][%mdl 32]} ({Predecessor:} 11. c4 Nd7 12. cxd5 Bxd5 13. a3 Qf6 14. Bc4 Bb7 15. Rac1 {½-½ (38) Juergens,P (2015)-Waagener,U (2218) Bad Neuenahr 2014}) 11... Nd7 12. Nb3 Ndf6 13. a5 Qe7 14. Ra4 Bc6 15. Rb4 Rab8 16. axb6 axb6 17. h3 (17. Bb5 $11 Bxb5 18. Qxb5) 17... Be8 (17... g5 $15) 18. Ra1 $11 Bh5 19. Qd1 {[#]} (19. Rba4 $11) 19... g5 $1 $17 {[%cal Rg5g4] Strongly threatening ...g4.} 20. Be2 g4 {And now ...gxh3 would win.} 21. Nh2 $2 (21. Nfd2 {nothing else works.}) 21... Qg7 {Black is clearly winning.} 22. g3 {[#]} Nxf2 $1 {[%mdl 576] Clearance} 23. Kxf2 {Hoping for h4.} Ne4+ 24. Kg1 gxh3 25. g4 fxg4 26. Nf1 {[%mdl 32768] Accuracy: White = 26%, Black = 48%. . An unexpected result.} 1/2-1/2

[Event "XXVII Actius Vallfogona Open"]
[Site "Vallfogona de Balaguer"]
[Date "2019.09.22"]
[Round "9.10"]
[White "Villar Reymundo, Juan Antonio"]
[Black "Barbero Sendic, Alejandro"]
[Result "0-1"]
[WhiteElo "2229"]
[BlackElo "2346"]
[Annotator "NA"]
[PlyCount "84"]
[EventDate "2019.09.22"]
[EventCountry "ESP"]
[SourceTitle "playchess.com"]
[Source "ChessBase"]
[SourceQuality "1"]
[TimeControl "900+5"]

1. d4 Nf6 2. c4 g6 3. g3 Bg7 4. Bg2 O-O 5. Nc3 d6 6. Nf3 Nc6 7. O-O e5 8. dxe5 dxe5 9. Bg5 Be6 10. Qa4 Qc8 11. Rfd1 Nd7 12. Nd5 Nb6 13. Qc2 Bf5 14. e4 Bg4 15. Ne7+ Nxe7 16. Bxe7 Re8 17. Bc5 Qe6 18. b3 Rad8 19. Be3 h6 20. Rxd8 Rxd8 21. Rd1 Re8 22. Rc1 Nc8 23. Nd2 Rd8 24. Bf1 a6 25. c5 Ne7 26. Bc4 Qf6 27. b4 Nc6 28. a3 h5 29. Bd5 h4 30. f3 Be6 31. Qc4 hxg3 32. hxg3 Bxd5 33. exd5 Ne7 34. Ne4 Qxf3 35. Bg5 Rxd5 36. Rf1 Rd1 37. Rxd1 Qxd1+ 38. Kg2 Nf5 39. g4 Qxg4+ 40. Kf2 Nd4 41. Qd5 Qe2+ 42. Kg1 Nf3+ 0-1